000 01081 a2200241 4500
005 20080911163425.0
008 080911t xxu||||| |||| 00| 0 hin d
010 _aHIN-79761
020 _a8188187267
_c12500
035 _aHN-52107
037 _bD.B.Act / pub
082 _a
100 _aशर्मा, सुभाष
245 _aअस्थियाँ
_cसुभाष शर्मा
246 _aAsthiyan
_bby Suvas Shrama
260 _aदिल्ली
_bमनीषा प्रकाशन
_c2007
270 _a57-बी,पाकेट ए-फेज-11, अशोक विहार
_bदिल्ली
_e110052
_k27420386
300 _a79पृ
_c22 सेमी (सजिल्द)
650 _aहिन्दी कहानियाँ
650 _aHindi Stories
942 _adpl
_cHN
_kक / शर्मासु
_2ddc
_h
_mशर्मासु
999 _c3603
_d3603